000 01148cam a2200349 i 4500
001 data
005 20260322212114.0
008 data
035 _a20692662
906 _a7
_bcbc
_ccopycat
_d2
_encip
_f20
_gy-gencatlg
925 0 _aacquire
_b1 shelf copy
_xpolicy default
010 _a 2017278913
020 _a9781337904698
_q(pbk.)
020 _a1337904694
_q(pbk.)
035 _a(OCoLC)1056200077
040 _aPHCSB
_beng
_cPHCSB
_erda
_dDLC
_dDLC
042 _alccopycat
050 0 0 _aHB615
_b.G75 2017
100 1 _aGreene, Cynthia L.,
_eauthor.
245 1 0 _aEntrepreneurship :
_bideas in action /
_cCynthia L. Greene.
250 _a6th edition.
264 1 _aAustralia :
_bSouth-Western Cengage Learning,
_c[2019]
300 _axv, 434 pages :
_bcolor illustrations ;
_c29 cm
336 _atext
_btxt
_2rdacontent
337 _aunmediated
_bn
_2rdamedia
338 _avolume
_bnc
_2rdacarrier
500 _aIncludes index.
650 0 _aEntrepreneurship.
650 7 _aEntrepreneurship.
_2fast
_0(OCoLC)fst00912787
999 _c1708
_d1708